Essayek. Bourget, Maeterlinck, Tolsztoj.
Elmentve itt :
| Szerző: | |
|---|---|
| Adatforrás: | Philobibl |
| Dokumentumtípus: | Könyv |
| Nyelv: | magyar |
| Megjelent: |
nagyvárad.
Sebő Imre.
1905
|
| LEADER | 00309nam a2200109 c 4500 | ||
|---|---|---|---|
| 001 | bibDOK00022943 | ||
| 005 | 20200924121711.8 | ||
| 008 | 060518s1905 xx hun | ||
| 100 | 1 | |a Kozári Gyula | |
| 245 | 1 | 0 | |a Essayek. Bourget, Maeterlinck, Tolsztoj. |c Kozári Gyula |
| 260 | |a nagyvárad. |b Sebő Imre. |c 1905 | ||
| 300 | |a 87 p. p. | ||